Mignon [ (Record no. 168909)

MARC details
000 -LEADER
campo de control de longitud fija 00729nam a22001935i 4500
001 - NÚMERO DE CONTROL
campo de control 168909
003 - IDENTIFICADOR DE NÚMERO DE CONTROL
campo de control ES-MaACL
005 - FECHA Y HORA DE LA ÚLTIMA TRANSACCIÓN
campo de control 20230906213926.0
008 - DATOS DE LONGITUD FIJA--INFORMACIÓN GENERAL
campo de control de longitud fija 080624s1866 fr |||| | fre d
080 ## - NÚMERO DE LA CLASIFICACIÓN DECIMAL UNIVERSAL
Número de la Clasificación Decimal Universal 782.089.6
100 1# - ENTRADA PRINCIPAL--NOMBRE DE PERSONA
Nombre de persona Thomas, Ambroise.
9 (RLIN) 138039
245 10 - MENCIÓN DEL TÍTULO
Título Mignon [
Medio música impresa]
Resto del título : opéra en trois actes, cinq tableaux /
Mención de responsabilidad, etc. paroles de Michel Carré & Jules Barbier ; musique de Ambroise Thomas.
260 ## - PUBLICACIÓN, DISTRIBUCIÓN, ETC.
Lugar de publicación, distribución, etc. Paris :
Nombre del editor, distribuidor, etc. Heugel et Cie.,
Fecha de publicación, distribución, etc. [1866]
300 ## - DESCRIPCIÓN FÍSICA
Extensión 1 partitura vocal ( 283 p.) ;
Dimensiones 28 cm.
650 14 - PUNTO DE ACCESO ADICIONAL DE MATERIA--TÉRMINO DE MATERIA
Término de materia o nombre geográfico como elemento de entrada Óperas-
Subdivisión general Partituras vocales.
9 (RLIN) 137997
700 1# - ENTRADA AGREGADA--NOMBRE PERSONAL
Nombre de persona Carré, Michel.
9 (RLIN) 138040
700 0# - ENTRADA AGREGADA--NOMBRE PERSONAL
Nombre de persona Barbier, Jules.
9 (RLIN) 25457
852 4# - LOCALIZACIÓN
Ubicación ES-MaACL
Número de control de estantería L-29305
itemnumber R.143654
Nota libre Biblioteca Jacinto Martínez Lacalle
Holdings
Estatus retirado Estado de pérdida Fuente del sistema de clasificación o colocación Estado de daño No para préstamo Colección Biblioteca de origen Biblioteca actual Ubicación en estantería Fecha de adquisición Total de préstamos Signatura topográfica completa Código de barras Visto por última vez Precio de reemplazo Tipo de ítem Koha
    Clasificación decimal universal     Libros del s. XIX Biblioteca del Ateneo de Madrid Biblioteca del Ateneo de Madrid Depósito 2 24/06/2008   L-29305 1177265 23/02/2023 23/02/2023 Partitura